书目信息 |
| 题名: |
蒋南翔教育思想研究
|
|
| 作者: | 方惠坚 , 郝维谦 主编 | |
| 分册: | ||
| 出版信息: | 北京 清华大学出版社 1999 |
|
| 页数: | 220页 | |
| 开本: | 21cm | |
| 丛书名: | ||
| 单 册: | ||
| 中图分类: | G40-092.74 | |
| 科图分类: | ||
| 主题词: | ||
| 电子资源: | ||
| ISBN: | 7-302-03157-6 | |
| 000 | 00732nam0 2200229 45 | |
| 001 | RT20000755 | |
| 005 | 20070721092501.89 | |
| 010 | @a7-302-03157-6@b精装@dCNY20.00 | |
| 100 | @a20000129d1999 ekmy0chiy0120 ea | |
| 101 | 0 | @achi |
| 102 | @aCN@b110000 | |
| 105 | @ay z 000yy | |
| 200 | 1 | @a蒋南翔教育思想研究@AJiang Nan Xiang Jiao Yu Si Xiang Yan Jiu@f方惠坚,郝维谦主编@FFang Hui Jian , Hao Wei Qian Zhu Bian |
| 210 | @a北京@c清华大学出版社@d1999 | |
| 215 | @a220页@d21cm | |
| 600 | 0 | @a蒋南翔-教育思想@x研究 |
| 600 | 0 | @a教育思想-蒋南翔@x研究 |
| 690 | @aG40-092.74@v4 | |
| 701 | 0 | @a方惠坚@AFang Hui Jian@4主编 |
| 701 | 0 | @a郝维谦@AHao Wei Qian@4主编 |
| 801 | 0 | @aCN@bRENTIAN@c20070721 |
| 905 | @a10447@dG40-092.74@e410 | |
| 蒋南翔教育思想研究/方惠坚,郝维谦主编.-北京:清华大学出版社,1999 |
| 220页;21cm |
| ISBN 7-302-03157-6(精装):CNY20.00 |
| ● |
| 相关链接 |
|
|
|
|
正题名:蒋南翔教育思想研究
索取号:G40-092.74/410
 
预约/预借
| 序号 | 登录号 | 条形码 | 馆藏地/架位号 | 状态 | 备注 |
| 1 | 0770074 | 207700745 | 第一样本阅览室/ [索取号:G40-092.74/410] | 在馆 |